| 000 | 00882nam a2200265 a 4500 | ||
|---|---|---|---|
| 001 | BRCA_8109 | ||
| 005 | 20190320210133.0 | ||
| 008 | 080414s1965----fr-a###f##---#000-0#fre-# | ||
| 041 | _afre | ||
| 044 | _afr | ||
| 050 | 4 |
_aNK4497 _b.P83 _c1965 |
|
| 100 | 1 |
_aGobert, Marc H. _919099 |
|
| 245 | 1 | 0 |
_aLes porcelaines francaises _bhistorique, caractéristiques, décor, couleurs, production, contrefracons, copies, marques _cAvant-propos de Marc H. Gobert et M. Leyendecker. |
| 260 |
_aParis _bTarday _c1965 |
||
| 300 |
_a407 p. _bil. _c18 cm. |
||
| 500 | _aY161 | ||
| 500 | _aVer también U65 | ||
| 650 | 1 | 4 |
_aPorcelana francesa _vHistoria _919100 |
| 650 | 1 | 4 |
_aPorcelana francesa _vCaracterísticas _919101 |
| 650 | 1 | 4 |
_aPorcelana francesa _vMarcas _919102 |
| 650 | 1 | 4 |
_aPorcelana francesa _vProducción _919103 |
| 700 | 1 |
_aLeyendecker, M. _920189 |
|
| 902 | _aGFM | ||
| 942 |
_2lcc _cB |
||
| 999 |
_c7777 _d7777 |
||